000 00414 a2200169 4500
001 74527
020 _a851602930-1
040 _cAnchieta - Colégio São Paulo
100 _aPereira, Lygia da Veiga
240 1 0 _aSequenciaram o Genoma Humano... e agora
_lpor
245 1 0 _aSequenciaram o Genoma Humano... e agora
300 _a111
362 0 _a2001
440 1 _aModerna
650 4 _aMedicina
942 _cBK
999 _c74527
_d74527